Sports Quiz

Random Sports or Baseball Quiz

Most Valuable MLB Position Players Quiz Stats

 Plays Quiz not verified by Sporcle

Also try: Matt Millen Picks
Challenge
Share
Tweet
Embed
Score 0/100 Timer 15:00
0 Plays Today
WAR Player % Correct
172.0Babe Ruth
100%
171.8Barry Bonds
99.1%
125.3Ted Williams
97.5%
154.7Willie Mays
97.2%
159.4Ty Cobb
96%
*104.9Alex Rodriguez
96%
120.2Mickey Mantle
95.6%
*67.3Ivan Rodriguez
95.3%
118.4Lou Gehrig
94.4%
134.5Honus Wagner
93.5%
89.9Cal Ripken, Jr.
92.8%
78.4Ken Griffey, Jr.
92.2%
63.2Jackie Robinson
92.2%
141.6Hank Aaron
91.9%
69.1Brooks Robinson
91.9%
107.4Frank Robinson
91.6%
108.3Mike Schmidt
91.3%
127.8Stan Musial
89.7%
83.6Joe Dimaggio
89.7%
*82.9Chipper Jones
88.8%
*89.1Albert Pujols
88.2%
127.8Rogers Hornsby
86.9%
71.3Johnny Bench
86.9%
103.5Joe Morgan
86%
75.3Pete Rose
85.7%
74.6Reggie Jackson
85.7%
*70.8Derek Jeter
85.7%
62.9Shoeless Joe Jackson
85.7%
113.1Rickey Henderson
85.4%
75.9Frank Thomas
84.7%
66.2Craig Biggio
84.1%
76.9Robin Yount
83.8%
79.9Jeff Bagwell
83.5%
61.9Yogi Berra
83.5%
WAR Player % Correct
63.1Mark McGwire
83.2%
94.1Jimmie Foxx
81.9%
66.8Manny Ramirez
81%
83.8Roberto Clemente
80.7%
64.6Ozzie Smith
80.7%
63.4Reggie Smith
80.7%
88.7Carl Yastrzemski
80.4%
74.8Paul Molitor
80.4%
*71.4Jim Thome
80.1%
64.4Ernie Banks
79.8%
68.4Tony Gwynn
79.4%
66.7Eddie Murray
79.1%
85.0George Brett
78.8%
89.0Wade Boggs
77.3%
67.2Edgar Martinez
76%
133.0Tris Speaker
75.7%
67.3Carlton Fisk
75.7%
65.1Willie McCovey
75.7%
109.3Mel Ott
74.5%
99.5Cap Anson
74.1%
91.0Al Kaline
71.7%
79.1Rod Carew
71%
104.2Nap Lajoie
70.7%
98.3Eddie Mathews
69.2%
67.5Duke Snider
67.9%
66.0Rafael Palmeiro
66.7%
62.0Ryne Sandberg
66.4%
67.3Larry Walker
63.9%
126.7Eddie Collins
63.6%
66.3Gary Carter
62.9%
63.5Roberto Alomar
62%
66.9Alan Trammell
58.3%
63.3Gary Sheffield
58.3%
*66.3Scott Rolen
57.6%
WAR Player % Correct
67.9Jim Edmonds
56.1%
68.9Barry Larkin
54.5%
66.4Ran Santo
53.6%
80.9Charlie Gehringer
52.6%
70.2Johnny Mize
51.4%
69.7Lou Whitaker
51.4%
66.7Pee Wee Reese
51.1%
63.6Al Simmons
51.1%
61.8Dwight Evans
51.1%
73.8Paul Waner
50.8%
76.6Sam Crawford
44.5%
64.6Tim Raines
44.5%
65.3Kenny Lofton
40.8%
63.7Home Run Baker
40.5%
69.3Luke Appling
39.3%
90.7George Davis
38.6%
61.6Graig Nettles
37.4%
75.6Arky Vaughan
36.1%
74.7Ed Delahanty
34.3%
69.4Harry Heilmann
34.3%
74.8Frankie Frisch
30.5%
69.6Billy Hamilton
30.2%
83.7Dan Brouthers
29%
61.2Dick Allen
28%
67.6Bobby Grich
24%
62.5Joe Cronin
20.6%
63.0Goose Goslin
19.9%
87.2Roger Connor
18.7%
73.4Fred Clarke
17.4%
68.0Jesse Burkett
13.7%
75.9Bill Dahlen
11.8%
61.5Jake Beckley
11.8%

You're not logged in!

Compare scores with friends on all Sporcle quizzes.
Join for Free
OR
Log In

You Might Also Like...

Show Comments

Extras

Top Quizzes Today


Score Distribution

Your Account Isn't Verified!

In order to create a playlist on Sporcle, you need to verify the email address you used during registration. Go to your Sporcle Settings to finish the process.

Report this User

Report this user for behavior that violates our Community Guidelines.

Details: